000 00609nam a2200241Ia 4500
003 OSt
005 20221007100954.0
006 a|||||r|||| 00| 0
007 ta
008 221006b |||||||| |||| 00| 0 eng d
024 _a5,579
037 _cTextual
040 _aLCO
_cLCO
_beng
041 _2eng
_aeng
082 _aZ3,5, K7
100 _aJackson R.M.
_9107294
245 0 _aEnforcing the law
260 _aNew
_bYork St Martin's Press U.S.A.
_c1967
300 _a266
650 _aENFORCING LAW
_9702398
942 _hZ3,5, K7
_cTEXL
999 _c1175142
_d1175142